000 00880nam a2200265Ia 4500
001 Z_1372
003 CHAP
008 220113s197? xx 000 0 und d
010 _a164461
040 _cCHAP
090 _aTesis L 251
100 _aLaguna Legorreta, Guillermo Guadalupe
_964446
245 _aValoración del 4-tert-butil-2 clorofenil dimetil fosforoamidato [Ruelene] en aplicación dorsal como antihelmítico en becerros /
_cpor Guillermo Guadalupe Laguna Legorreta
260 _aGuadalajara, Jal. :
_bEl autor,
_c197?
300 _a57 h.
502 _aTesis (Médico Veterinario Zootecnista) -- Universidad de Guadalajara. Escuela de Medicina Veterinaria y Zootecnia
650 _aAntihelmiticos
_9138581
650 _aBecerros
_xParásitos
_911185
901 _aTESIS L 251
902 _aM
910 _a197?
942 _c2
942 _c2
999 _c164461
_d164461